000 00693nam a2200289Ia 4500
005 20260324143510.0
008 008 260324s9999 xx 000 0 eng d
020 _a9780203780275
037 _aEBOOK
040 _aCRL
040 _beng
040 _cCRL
041 _2eng
041 _aeng
084 _qCRL
100 _aPeter L. Rudnytsky
_91171119
245 4 _aThe Psychoanalytic Vocation
245 0 _bRank, Winnicott, and the Legacy of Freud
260 _bTaylor and Francis
260 _c1991
365 _a
365 _b86.99
856 _uhttp://www.taylorfrancis.com/books/9780203780275
942 _cEBOOK
999 _c1821340
_d1821340